| 000 | 00378nam a22001457a 4500 | ||
|---|---|---|---|
| 003 | dpl | ||
| 005 | 20251028140535.0 | ||
| 008 | 251028b |||||||| |||| 00| 0 eng d | ||
| 245 |
_aBrides Today _cedited by Aroon Purie |
||
| 260 |
_aNew Delhi I _bLiving Media India Ltd. _cSep 2025 |
||
| 300 | _aVOI.7 NO.2 | ||
| 310 | _aMonthly | ||
| 362 | _aSep 2025 | ||
| 942 |
_2ddc _cSR _mBRI _s1 |
||
| 999 |
_c213680 _d213680 |
||